|
|
|
|
| LEADER |
01149cam a2200313Ia 4500 |
| 001 |
9780203498972 |
| 003 |
FlBoTFG |
| 005 |
20091230162920.0 |
| 006 |
a|||||s||||||||||| |
| 007 |
cr|||| |
| 008 |
040130s2005 nyu s 001 0 eng d |
| 020 |
|
|
|a 9780203498972 (e-book : PDF)
|
| 040 |
|
|
|a FlBoTFG
|c FlBoTFG
|d GrThAP
|
| 041 |
0 |
|
|a eng
|a lat
|
| 090 |
|
|
|a PN6080
|b .R68 2005
|
| 092 |
|
|
|a 398.971
|b R869
|
| 245 |
0 |
4 |
|a The Routledge dictionary of Latin quotations
|h [electronic resource] :
|b the illiterati's guide to Latin maxims, mottoes, proverbs and sayings /
|c [compiled by] Jon R. Stone.
|
| 260 |
|
|
|a New York :
|b Routledge,
|c 2005.
|
| 300 |
|
|
|a xvii, 394 p.
|
| 500 |
|
|
|a Includes index.
|
| 530 |
|
|
|a Also available in print edition.
|b CRC Press (http://www.crcpress.com)
|
| 538 |
|
|
|a Mode of access: World Wide Web.
|
| 546 |
|
|
|a Latin with English translations.
|
| 650 |
|
0 |
|a Quotations, Latin.
|
| 650 |
|
0 |
|a Quotations, Latin
|v Translations into English.
|
| 655 |
|
7 |
|a Electronic books.
|2 lcsh
|
| 700 |
1 |
|
|a Stone, Jon R.,
|d 1959-
|
| 776 |
1 |
|
|z 9780415969093
|
| 856 |
4 |
0 |
|u http://www.tandfebooks.com/isbn/9780203498972
|z Full Text via HEAL-Link
|